000 00851nam a22002897a 4500
001 9717
003 FISKH
005 20260130134406.0
008 260130b cb ||||| |||| 00| 0 eng d
020 _a9780763611507
040 _aFISKH
_beng
_cFISKH
_dFISKH
050 _aPZ7
082 _a373.1
100 _aCaple, Kathy
_eAuthor
245 _aWorm smells /
_cWritten and illustrated by Kathy Caple
260 _aGuangdong :
_bCandlewick Press ,
_c2001
300 _a8 unnumbered pages :
_bcolor illustrations ;
_c14 x 20 cm
505 _aC
520 _aWorm takes a walk in the woods. What does he find and smell there?
521 8 _a50
_bLexile estimate
521 8 _aC
_bRaz-Plus
650 _aAnimals
_vBrand-new reader
650 _vWorm
_2Smell
700 _aCaple, Kathy
_eIllustrator
942 _2ddc
_cBK
_n0
999 _c9717
_d9717